Indukčný snímač polohy

Salvato in:
Dettagli Bibliografici
Autore principale: Dolinaj, Borislav (Autore)
Altri autori: Toman, Miroslav, 1947- (Relatore della tesi)
Natura: Manoscritto Libro
Lingua:slovacco
Pubblicazione: Bratislava : STU v Bratislave FEI, 2004
Soggetti:
Tags: Aggiungi Tag
Nessun Tag, puoi essere il primo ad aggiungerne!!

MARC

LEADER 00000ntm a22000003a 4500
001 stu92555
005 20160719164651.3
008 050125s2004------------------------slo-d
040 |a STU  |b slo 
041 0 |a slo 
100 1 |a Toman, Miroslav,  |d 1947-  |4 ths  |u E1110  |U FEI Ústav robotiky a kybernetiky  |T FEI Automatizácia a regulácia  |X 4929  |U E1110  |Y 57  |7 A000004929 
245 1 |a Indukčný snímač polohy 
260 |a Bratislava :  |b STU v Bratislave FEI,  |c 2004 
300 |a 86 s 
650 7 |a automatizácia  |2 stusub 
700 1 |a Dolinaj, Borislav  |4 aut